| 000 | 02523nam0a2200457 4500 | ||
|---|---|---|---|
| 001 | RU\NLR\bibl\1083426 | ||
| 005 | 20250615050810.0 | ||
| 010 |
_a978-5-88526-270-5 _9500 |
||
| 021 |
_aRU _b2007-15367 _9823 |
||
| 035 | _a(nilc)RSL-KNO-003082255 | ||
| 035 | _a(NLR Aleph) 001070598 | ||
| 090 |
_a996216 _c996216 |
||
| 100 | _a20070315d2007 |||y0rusy50 ca | ||
| 101 | 0 | _arus | |
| 102 | _aRU | ||
| 105 | _ay zzzz||||| | ||
| 200 | 1 |
_a"Живое слово разбудит уснувшую душу..." _e(материалы Всероссийской научно-практической конференции, 12-13 мая 2006 года) _f[редкол.: Г.В. Звездова, д.филол.н., проф. (отв. ред.) и др.] |
|
| 210 |
_aЛипецк _cЛипецкий государственный педагогический университет _d2007 |
||
| 215 |
_a285 с. _d20 |
||
| 300 | _aВ надзаг.: Гос. образоват. учреждение высш. проф. образования "Липец. гос. пед. ин-т" | ||
| 320 | _aБиблиогр. в конце ст. | ||
| 606 | 1 |
_aПоэзия русская _xЯзык и стиль _z20 в. _9972356 _3RU\NLR\auth\6646058 |
|
| 606 | 1 |
_aПоэзия русская советская _xЯзык и стиль _92038630 _3RU\NLR\auth\66939670 |
|
| 606 | 1 |
_aРусский язык _xСтилистика _91563135 _3RU\NLR\auth\66984157 |
|
| 606 | 1 |
_aПоэзия русская _xИзучение в школе _92037439 _3RU\NLR\auth\66939049 |
|
| 610 | 0 | _aФилологические науки. Художественная литература -- Российская Федерация -- Русская литература -- с 1917 г. -- История литературы. Идейно-художественные особенности литературы -- История жанров -- Поэзия -- Материалы конференции | |
| 610 | 0 | _aпоэзия русская, 20 в. | |
| 686 |
_aШ5(2=Р)7-335я431(2) _2rubbk |
||
| 686 | _aЧ426.21(2)31 | ||
| 686 | _aШ5(2=Р)7-357 | ||
| 686 | _aШ5(2=Р)53-357 | ||
| 686 | _aШ141.12-71 | ||
| 702 | 1 |
_aЗвездова _bГ. В. _gГалина Васильевна _4340 |
|
| 801 | 0 |
_aRU _bРКП _c20070315 |
|
| 801 | 1 |
_aRU _bРГБ _c20070315 |
|
| 801 | 2 |
_aRU _bNLR _c20070510 _grcr |
|
| 942 | _cBOOK | ||
| 980 | _aNB | ||
| 980 | _aNBR | ||